Энергетические характеристики разрядной плазмы в воде и полиэтиленовом капилляре; Перспективы развития фундаментальных наук

Bibliografiset tiedot
Parent link:Перспективы развития фундаментальных наук.— 2013.— [С. 119-121]
Päätekijä: Ларионов Д. В. Дмитрий Викторович
Yhteisötekijä: Национальный исследовательский Томский политехнический университет (ТПУ) Институт физики высоких технологий (ИФВТ) Кафедра техники и электрофизики высоких напряжений (ТЭВН)
Muut tekijät: Иванов Н. А. Никита Александрович (научный руководитель), Войтенко Н. В. Никита Валерьевич, Лопатин В. В. Владимир Васильевич
Yhteenveto:Заглавие с экрана
In this paper describes the method of determining the energy characteristics of the discharge channel, which based on the use of current waveforms and the law of energy conservation to the resistances of discharge circuit and plasma channel.The dynamics of energy in plasma at initiation of the discharge by exploding conductor both in water and in a polyethylen capillary are calculated. The efficiency of a capillary discharge in polyethylene capillary for realize energy into the channel.
Kieli:venäjä
Julkaistu: 2013
Sarja:Физика
Aiheet:
Linkit:http://www.lib.tpu.ru/fulltext/c/2013/C21/035.pdf
Aineistotyyppi: Elektroninen Kirjan osa
KOHA link:https://koha.lib.tpu.ru/cgi-bin/koha/opac-detail.pl?biblionumber=603585

MARC

LEADER 00000naa2a2200000 4500
001 603585
005 20260204093053.0
035 |a (RuTPU)RU\TPU\conf\781 
035 |a RU\TPU\conf\778 
090 |a 603585 
100 |a 20140127d2013 k y0rusy50 ca 
101 0 |a rus 
102 |a RU 
135 |a drcn ---uucaa 
181 0 |a i  
182 0 |a b 
200 1 |a Энергетические характеристики разрядной плазмы в воде и полиэтиленовом капилляре  |d Energy characteristics of discharge plasma in water and polyethylene capillary  |f Д. В. Ларионов, Н. А. Иванов, Н. В. Войтенко  |g науч. рук. В. В. Лопатин 
203 |a Текст  |c электронный 
215 |a 1 файл(440 Кб) 
225 1 |a Физика 
300 |a Заглавие с экрана 
320 |a [Библиогр.: с. 121 (4 назв.)] 
330 |a In this paper describes the method of determining the energy characteristics of the discharge channel, which based on the use of current waveforms and the law of energy conservation to the resistances of discharge circuit and plasma channel.The dynamics of energy in plasma at initiation of the discharge by exploding conductor both in water and in a polyethylen capillary are calculated. The efficiency of a capillary discharge in polyethylene capillary for realize energy into the channel. 
337 |a Adobe Reader 
463 1 |0 (RuTPU)RU\TPU\conf\715  |t Перспективы развития фундаментальных наук  |l Prospects of fundamental sciences development  |o сборник научных трудов X Международной конференция студентов и молодых ученых, г. Томск, 23-26 апреля 2013 г.  |f Национальный исследовательский Томский политехнический университет (ТПУ) ; под ред. Е. А. Вайтулевич и др.  |v [С. 119-121]  |d 2013 
510 1 |a Energy characteristics of discharge plasma in water and polyethylene capillary  |z eng 
610 1 |a электронный ресурс 
610 1 |a труды учёных ТПУ 
610 1 |a энергетические характеристики 
610 1 |a разрядная плазма 
610 1 |a вода 
610 1 |a полиэтилен 
610 1 |a капилляры 
700 1 |a Ларионов  |b Д. В.  |c специалист в области электрофизики  |c инженер-исследователь Томского политехнического университета  |f 1989-  |g Дмитрий Викторович  |3 (RuTPU)RU\TPU\pers\31195 
701 1 |a Иванов  |b Н. А.  |c специалист в области электротехники  |c инженер-исследователь Томского политехнического университета  |f 1986-  |g Никита Александрович  |3 (RuTPU)RU\TPU\pers\29872 
701 1 |a Войтенко  |b Н. В.  |c специалист в области электрофизики  |c инженер Томского политехнического университета  |f 1989-  |g Никита Валерьевич  |3 (RuTPU)RU\TPU\pers\29871 
702 1 |a Лопатин  |b В. В.  |c электрофизик  |c доктор физико-математических наук, профессор Томского политехнического университета, заместитель директора по научной работе ИФВТ ТПУ  |f 1947-  |g Владимир Васильевич  |4 727 
712 0 2 |a Национальный исследовательский Томский политехнический университет (ТПУ)  |b Институт физики высоких технологий (ИФВТ)  |b Кафедра техники и электрофизики высоких напряжений (ТЭВН)  |3 (RuTPU)RU\TPU\col\18692 
801 1 |a RU  |b 63413507  |c 20101016 
801 2 |a RU  |b 63413507  |c 20230323  |g RCR 
856 4 |u http://www.lib.tpu.ru/fulltext/c/2013/C21/035.pdf 
942 |c CF